Memoria escolar leida en el acto de reparto de premios del curso académico de 1886-87 / (Record no. 153062)

MARC details
000 -LEADER
campo de control de longitud fija 00890nam a22002055i 4500
001 - NÚMERO DE CONTROL
campo de control 153062
003 - IDENTIFICADOR DE NÚMERO DE CONTROL
campo de control ES-MaACL
005 - FECHA Y HORA DE LA ÚLTIMA TRANSACCIÓN
campo de control 20230906205015.0
008 - DATOS DE LONGITUD FIJA--INFORMACIÓN GENERAL
campo de control de longitud fija 030303s1887 sp |||| | spa d
040 ## - FUENTE DE CATALOGACIÓN
Centro catalogador/agencia de origen CAM
Lengua de catalogación spa
Centro/agencia transcriptor CAM
110 0# - ENTRADA PRINCIPAL--NOMBRE DE ENTIDAD CORPORATIVA
Nombre de entidad corporativa o nombre de jurisdicción como elemento de entrada Centro Instructivo del Obrero (Madrid)
9 (RLIN) 2746
245 10 - MENCIÓN DEL TÍTULO
Título Memoria escolar leida en el acto de reparto de premios del curso académico de 1886-87 /
Mención de responsabilidad, etc. por Juan Rivas Carpintero; [y discurso de Micaela Ferrer de Otalora].
260 ## - PUBLICACIÓN, DISTRIBUCIÓN, ETC.
Lugar de publicación, distribución, etc. Madrid :
Nombre del editor, distribuidor, etc. [s.n.],
Fecha de publicación, distribución, etc. 1887 (
Fabricante Imprenta y estereotipia El Liberal)
300 ## - DESCRIPCIÓN FÍSICA
Extensión 23 p. ;
Dimensiones 21 cm.
594 ## - Nota al título y mención de responsabilidad
Nota al título y mención de responsabilidad Precede al tit.: Centro Instructivo del Obrero.
594 ## - Nota al título y mención de responsabilidad
Nota al título y mención de responsabilidad Segunda mención de resp. tomada de la cub.
700 11 - ENTRADA AGREGADA--NOMBRE PERSONAL
Nombre de persona Ferrer de Otalora, Micaela.
9 (RLIN) 50458
700 1# - ENTRADA AGREGADA--NOMBRE PERSONAL
Nombre de persona Rivas Carpintero, Juan.
9 (RLIN) 97570
852 ## - LOCALIZACIÓN
Ubicación ES-MaACL
Número de control de estantería T-586-F-3
Nota libre -- Enc. hol. conservando la original
-- -- Enc. en un vol. facticio
Holdings
Estatus retirado Estado de pérdida Estado de daño No para préstamo Colección Biblioteca de origen Biblioteca actual Ubicación en estantería Fecha de adquisición Total de préstamos Signatura topográfica completa Código de barras Visto por última vez Precio de reemplazo Tipo de ítem Koha
        Colección de folletos Biblioteca del Ateneo de Madrid Biblioteca del Ateneo de Madrid Depósito folletos 17/01/2008   T-586-F-3 1159911 23/02/2023 23/02/2023 Folleto